000 00441nam a2200145Ia 4500
003 OSt
005 20260124084754.0
008 211028s2017 xx 000 0 und d
040 _cAIMIT LIBRARY
041 _aeng
100 _aBalaraju, R; Dias, Beena.
_g1516022
_97599
245 _aCost analysis of formation process: a study with reference to Karnataka jesuit province /
260 _aMangalore
_bDr Beena Dias.
_c2017
942 _2ddc
_cPRO
999 _c219167
_d219167